| 000 | 00418cam a2200181 4500 | ||
|---|---|---|---|
| 001 | D6782 | ||
| 008 | 090401t1980 xxu||||| |||| 00| 0 eng d | ||
| 035 | _a(Sirsi) u3035 | ||
| 041 | _aeng | ||
| 050 | _a526 | ||
| 100 | _aLoxton, John | ||
| 245 | _aPractical map production | ||
| 260 |
_aChichester _bJohn Wiley and Sons _c1980 |
||
| 300 | _axiii. 137p. 23cm | ||
| 350 | _a8.5 | ||
| 942 | _n0 | ||
| 948 | _c04/03/1997 | ||
| 999 |
_c85844 _d85844 |
||